000 02261cam a2200313 4500
001 ABS68374
008 041018n2004 000 0 eng u
035 _a(Sirsi) u127730
100 _aSimpkins, E.
245 _aSurveyors' regulation under review
260 _c2004
490 _aRICS Business
_vOctober 2004, 16-18(3)
520 _aSets the scene for RICS' fundamental review of the way it regulates its members. This is to ensure that it complies with what is currently regarded as best practice and that it works within the modern business environment . For example where auditing firms are being sued for their role in the failure of companies and government threatens to remove self-regulation from some professions. Sir Bryan Carsberg will lead the review of the regulatory framework, reporting in April 2005. Describes the remit of the Carsberg review, which includes the possibility of extending RICS' regulatory environment to cover companies as well as individual members and updating the relationship between RICS and its members. Provides a timetable from initial consultation to consultation on the final report and a brief biography of Sir Bryan Carsberg. View the initial consultation and the article at www.rics.org.
590 _aABS
590 _aABS
650 _aMEMBERS
650 _aPROFESSIONAL CONDUCT
650 _aCARSBERG REVIEW OF SURVEYORS' REGULATION
650 _aPROFESSIONAL BODIES
650 _aREDRESS
650 _aSELF-REGULATION
650 _aRICS
690 _aPROFESSIONAL PRACTICE
856 _uhttps://www.rics.org/AboutRICS/RICSProfessionalRegulationandConsumerProtection/carsberg_consultation.htm
_zView the Carsberg consultation on the RICS websiteƯ
856 _uhttps://www.rics.org/AboutRICS/RICSProfessionalRegulationandConsumerProtection/carsberg_consultation.htm
_zView the Carsberg consultation on the RICS websiteƯ
856 _uhttps://www.rics.org/AboutRICS/RICSProfessionalRegulationandConsumerProtection/carsberg_consultation.htm
_zView the Carsberg consultation on the RICS websiteƯ
856 _uhttps://www.rics.org/AboutRICS/RICSProfessionalRegulationandConsumerProtection/carsberg_consultation.htm
_zView the Carsberg consultation on the RICS websiteƯ
942 _n0
999 _c118176
_d118176